000 00701nam a2200193 i 4500
001 81233
003 ES-MaACL
005 20230906174409.0
007 t|
008 041103m19021904sp ||||1| spa d
100 1 _aHuchard, Henri.
_964511
245 1 0 _aConsultas médicas
_b: clínica y terapeútica /
_cpor H. Huchard ; traducida por Rafael Martínez Seguí, Arturo Cubells Blasco ; prólogo Abdón Sánchez Herrero.
260 _aValencia :
_bPubul y Morales,
_c1902-1904 (
_fTip. Moderna)
300 _a2 v. ;
_c22 cm.
700 1 _aMartínez Seguí, Rafael.
_978423
700 1 _aCubells Blasco, Arturo.
_941926
700 1 _aSánchez Herrero, Abdón.
_9102697
852 _aES-MaACL
_jF-13339-40
999 _c81233
_d81233